[Event "Mechanics' Irving Chernev TNM; 30/90, SD"]
[Site "San Francisco"]
[Date "2008.09.09"]
[Round "6.3"]
[White "Snyder, Larry"]
[Black "Argishti, Dante"]
[Result "0-1"]
[WhiteElo "2037"]
[BlackElo "1996"]
[PlyCount "130"]
[EventDate "2008.??.??"]

1. e4 e6 2. d4 d5 3. Nd2 Nf6 4. e5 Nfd7 5. f4 c5 6. c3 Nc6 7. Ndf3 Qb6 8. g3
cxd4 9. cxd4 Bb4+ 10. Kf2 f5 11. Ne2 Nf8 12. Nc3 Bd7 13. Na4 Qc7 14. Bd2 Be7
15. Rc1 a6 16. a3 Qd8 17. Nc5 Bxc5 18. Rxc5 Qb6 19. Qc2 Ng6 20. b4 O-O 21. Be2
Rfc8 22. Rb1 Na7 23. a4 Qd8 24. Qb3 b5 25. a5 Nc6 26. h3 Ra7 27. Be3 Rac7 28.
Ne1 Nf8 29. Rbc1 Be8 30. Nd3 Nd7 31. R5c3 Ne7 32. Rxc7 Rxc7 33. Rxc7 Qxc7 34.
Nc5 Nxc5 35. dxc5 Nc6 36. Qc3 Qd8 37. Bd4 Bf7 38. Qd2 h6 39. Bf3 Kf8 40. Ke2
Qe8 41. Bc3 Bh5 42. Kf2 Bxf3 43. Kxf3 Qh5+ 44. Kg2 Ke7 45. Qd3 Kd7 46. Qf3 Qg6
47. Qd3 Kc7 48. Qd2 Qe8 49. Bd4 Qd8 50. h4 Qe8 51. Bc3 Qh5 52. Qd3 g5 53. hxg5
hxg5 54. fxg5 Qxg5 55. Bd2 Qg4 56. Qe3 d4 57. Qh6 Qg8 58. Qf6 Qe8 59. Kf2 Qd7
60. Ke1 Ne7 61. Kd1 Nd5 62. Qh6 Ne3+ 63. Kc1 Qd5 64. Qf8 Qc4+ 65. Kb1 Qb3+ 0-1

[Event "Mechanics' Irving Chernev TNM; 30/90, SD"]
[Site "San Francisco"]
[Date "2008.09.09"]
[Round "6.4"]
[White "Sainz, Guadalupe"]
[Black "Goins, Demetrius"]
[Result "1/2-1/2"]
[WhiteElo "1835"]
[BlackElo "1996"]
[PlyCount "49"]
[EventDate "2008.??.??"]

1. d4 d5 2. c4 e6 3. Nc3 Nf6 4. cxd5 exd5 5. Bg5 Be7 6. Bxf6 Bxf6 7. e3 O-O 8.
Bd3 g6 9. Nf3 b6 10. b4 c5 11. bxc5 bxc5 12. O-O Nc6 13. Bb5 Ne7 14. h3 Be6 15.
Rc1 Rb8 16. Qa4 Qb6 17. dxc5 Qxc5 18. Ne4 Qxb5 19. Nxf6+ Kg7 20. Qh4 Nf5 21.
Qg5 h6 22. Nh5+ Kh7 23. Nf6+ Kg7 24. Nh5+ Kh7 25. Nf6+ 1/2-1/2

[Event "Mechanics' Irving Chernev TNM; 30/90, SD"]
[Site "San Francisco"]
[Date "2008.09.09"]
[Round "6.5"]
[White "Farzaneh-Far, Ramin"]
[Black "Sandberg, Evan"]
[Result "0-1"]
[WhiteElo "1823"]
[BlackElo "1954"]
[PlyCount "60"]
[EventDate "2008.??.??"]

1. e4 c5 2. Nf3 Nc6 3. d4 cxd4 4. Nxd4 g6 5. Be3 Bg7 6. Nc3 Nf6 7. Bc4 O-O 8.
f3 Qb6 9. Bb3 Nxe4 10. Nd5 Qa5+ 11. c3 Nc5 12. Nxc6 dxc6 13. Nxe7+ Kh8 14. Bd4
Re8 15. Bxg7+ Kxg7 16. Qd4+ f6 17. O-O Rxe7 18. Rfe1 Rd7 19. Qe3 Qb6 20. Bc4
Na4 21. Bb3 Qxe3+ 22. Rxe3 Nc5 23. Bc4 b5 24. Bf1 Na4 25. b4 Nb6 26. Rae1 Nd5
27. Re6 Bb7 28. Kf2 Rad8 29. g3 Nxc3 30. Re7+ Kf8 0-1

[Event "Mechanics' Irving Chernev TNM; 30/90, SD"]
[Site "San Francisco"]
[Date "2008.09.09"]
[Round "6.6"]
[White "Manvelyan, Hayk"]
[Black "Persidsky, Andre"]
[Result "1-0"]
[WhiteElo "1874"]
[BlackElo "1818"]
[PlyCount "38"]
[EventDate "2008.??.??"]

1. e4 d6 2. d4 Nf6 3. Nc3 g6 4. g3 b6 5. Bg2 Bb7 6. Nge2 Bg7 7. O-O c6 8. f4
O-O 9. h3 Qc7 10. g4 e5 11. f5 exd4 12. Nxd4 Nfd7 13. Be3 a6 14. Qd2 Rd8 15.
Bg5 Re8 16. f6 Bh8 17. Bh4 c5 18. Nde2 Ne5 19. Nd5 Nbc6 1-0

[Event "Mechanics' Irving Chernev TNM; 30/90, SD"]
[Site "San Francisco"]
[Date "2008.09.09"]
[Round "6.7"]
[White "Smelansky, Vadim"]
[Black "Gaffagan, Steven"]
[Result "0-1"]
[WhiteElo "1853"]
[BlackElo "2022"]
[PlyCount "108"]
[EventDate "2008.??.??"]

1. e4 c5 2. Nf3 d6 3. Bb5+ Nd7 4. d4 cxd4 5. Qxd4 e6 6. Nc3 a6 7. Bxd7+ Bxd7 8.
O-O Qc7 9. Bg5 Qc5 10. Qd2 Ne7 11. Rfd1 Ng6 12. Be3 Qc7 13. Bd4 Bc6 14. Qe3 b5
15. Rd2 Rb8 16. b4 e5 17. Nd5 Bxd5 18. exd5 Be7 19. Bb2 O-O 20. g3 Qc4 21. a3
Rfc8 22. Re1 Qg4 23. Kh1 Rc4 24. Rde2 Rbc8 25. Qd3 Qh3 26. Ng1 Qd7 27. c3 f5
28. Rc2 Bf6 29. f3 Nf8 30. Ne2 g6 31. Nc1 Qg7 32. Re3 Bg5 33. Re1 Nd7 34. Nb3
Nb6 35. Na5 R4c7 36. Nc6 Qf7 37. Rd1 Qxd5 38. Nxe5 Qxe5 39. f4 Qe4+ 40. Qxe4
fxe4 41. fxg5 d5 42. Bc1 Rxc3 43. Rxc3 Rxc3 44. Bb2 Rd3 45. Re1 e3 46. Kg1 d4
47. Kf1 Kf7 48. Ba1 Rd2 49. h4 Nd5 50. Rc1 Ke6 51. Re1 Ke5 52. Kg1 Ke4 53. Rc1
Kf3 54. g4 Nf4 0-1

[Event "Mechanics' Irving Chernev TNM; 30/90, SD"]
[Site "San Francisco"]
[Date "2008.09.09"]
[Round "6.8"]
[White "Traub, Igor"]
[Black "Todortsev, Victor"]
[Result "1-0"]
[WhiteElo "2005"]
[BlackElo "1845"]
[PlyCount "94"]
[EventDate "2008.??.??"]

1. e4 c5 2. d3 d6 3. f4 Nf6 4. Be2 Nc6 5. Nf3 e5 6. O-O Be7 7. Kh1 O-O 8. a4
Bg4 9. Be3 Qc7 10. Nc3 Rac8 11. Ng5 Bxe2 12. Qxe2 Nd4 13. Qd1 h6 14. Nh3 Qd7
15. b3 a6 16. Ra2 b5 17. axb5 axb5 18. Ne2 Nxe2 19. Qxe2 b4 20. fxe5 dxe5 21.
Rf5 Bd6 22. Bxh6 Ra8 23. Rxa8 Rxa8 24. Be3 Ra1+ 25. Ng1 Be7 26. h3 Qd6 27. g4
Nh7 28. Qf2 f6 29. h4 Nf8 30. Kg2 Ne6 31. h5 Nd4 32. Bxd4 cxd4 33. Qd2 Qe6 34.
Ne2 Qa6 35. Rf1 Ra2 36. Ng3 Qa3 37. Rf2 Kh7 38. Nf5 Bf8 39. g5 Ra1 40. g6+ Kh8
41. h6 gxh6 42. Nxh6 Qc1 43. Qxc1 Rxc1 44. Nf5 Kg8 45. Kf3 Rh1 46. Kg2 Rh5 47.
Kg1 Rh3 1-0

[Event "Mechanics' Irving Chernev TNM; 30/90, SD"]
[Site "San Francisco"]
[Date "2008.09.09"]
[Round "6.9"]
[White "Krasnov, Steven"]
[Black "Allen, Tom"]
[Result "1-0"]
[WhiteElo "1950"]
[BlackElo "1529"]
[PlyCount "41"]
[EventDate "2008.??.??"]

1. Nf3 d5 2. g3 Nf6 3. Bg2 Bf5 4. c4 Bxb1 5. Rxb1 e6 6. Qb3 Na6 7. Qxb7 Nc5 8.
Qc6+ Nfd7 9. cxd5 Rb8 10. dxe6 Nxe6 11. O-O Rb6 12. Qa4 Bc5 13. b4 O-O 14. Ba3
Be7 15. d4 Qc8 16. d5 Ra6 17. Qb3 Nd8 18. Bh3 Nb7 19. Ne5 Rd8 20. Nxd7 Rh6 21.
Nf6+ 1-0

[Event "Mechanics' Irving Chernev TNM; 30/90, SD"]
[Site "San Francisco"]
[Date "2008.09.09"]
[Round "6.10"]
[White "Sherwood, Peter"]
[Black "Grey, Peter"]
[Result "0-1"]
[WhiteElo "1743"]
[BlackElo "2000"]
[PlyCount "138"]
[EventDate "2008.??.??"]

1. e4 c5 2. Nf3 Nc6 3. d4 cxd4 4. Nxd4 Nf6 5. Nc3 e5 6. Ndb5 d6 7. Bg5 a6 8.
Na3 b5 9. Bxf6 gxf6 10. Nd5 Bg7 11. c3 f5 12. Bd3 Be6 13. Nc2 Bxd5 14. exd5 Ne7
15. Ne3 e4 16. Bc2 Qd7 17. Bb3 O-O 18. Qh5 f4 19. Ng4 Qf5 20. Nh6+ Bxh6 21.
Qxh6 Qe5 22. O-O-O a5 23. Rhe1 Kh8 24. Rxe4 Nf5 25. Qxf4 Qxf4+ 26. Rxf4 Ng7 27.
Bc2 Rac8 28. Rf6 Ne8 29. Rh6 f5 30. Rd3 Rf6 31. Rxf6 Nxf6 32. Rd2 b4 33. Bxf5
Rc5 34. Kd1 bxc3 35. bxc3 Nxd5 36. Be6 Nxc3+ 37. Kc2 Ne4+ 38. Kd3 Nxd2 39. Kxd2
Kg7 40. f4 Kf6 41. f5 h5 42. g3 Rb5 43. Kc2 Rb4 44. h3 h4 45. gxh4 Rxh4 46. Kb3
Rf4 47. Kc3 Kg5 48. Kd3 Rh4 49. Ke3 Rxh3+ 50. Ke4 Kf6 51. Kd4 Rh2 52. Ke4 Rb2
53. Kd4 Rb5 54. Ke4 Re5+ 55. Kd4 Rxe6 56. fxe6 Kxe6 57. Ke4 d5+ 58. Kd4 Kd6 59.
Kd3 Kc5 60. Kc3 a4 61. a3 d4+ 62. Kd3 Kd5 63. Kd2 Kc4 64. Kc2 d3+ 65. Kd2 Kd4
66. Kd1 Kc3 67. Kc1 Kb3 68. Kd2 Kxa3 69. Kxd3 Kb2 0-1

[Event "Mechanics' Irving Chernev TNM; 30/90, SD"]
[Site "San Francisco"]
[Date "2008.09.09"]
[Round "6.11"]
[White "Afkham-Ebrahimi, Payam"]
[Black "Chan, John"]
[Result "1-0"]
[WhiteElo "1929"]
[BlackElo "1696"]
[PlyCount "101"]
[EventDate "2008.??.??"]

1. f4 d5 2. Nf3 Nc6 3. g3 Nf6 4. Bg2 h5 5. d3 Bf5 6. O-O e6 7. Nh4 Bc5+ 8. e3
Bh7 9. Nc3 a6 10. d4 Ba7 11. f5 Qd7 12. fxe6 Qxe6 13. Rxf6 gxf6 14. Bxd5 Qd7
15. Ne4 O-O-O 16. c4 Nb4 17. Nxf6 Qe7 18. Nxh7 Nxd5 19. Nf5 Qe4 20. Qxh5 Nf6
21. Nxf6 Rxh5 22. Nxe4 Rxf5 23. c5 Re8 24. Nf2 c6 25. e4 Rh5 26. g4 Rhh8 27. g5
Bb8 28. e5 Rh4 29. Be3 Kd7 30. Nd3 Reh8 31. Bf4 Ke6 32. Kf2 Kf5 33. Kf3 Rh3+
34. Bg3 Kxg5 35. Rf1 R3h7 36. Ke4 Kg6 37. b4 Re8 38. Rf6+ Kg7 39. Nf4 Bc7 40.
a4 Rh6 41. Rf5 Bd8 42. b5 axb5 43. axb5 cxb5 44. Nh5+ Kg6 45. Nf6 Re6 46. Bf4
Bxf6 47. Bxh6 b4 48. Rxf6+ Rxf6 49. exf6 Kxf6 50. d5 Ke7 51. Bc1 1-0

[Event "Mechanics' Irving Chernev TNM; 30/90, SD"]
[Site "San Francisco"]
[Date "2008.09.09"]
[Round "6.12"]
[White "Brooks, Matthew"]
[Black "Manvelyan, Hovik"]
[Result "0-1"]
[WhiteElo "1682"]
[BlackElo "1869"]
[PlyCount "80"]
[EventDate "2008.??.??"]

1. e4 e6 2. Nf3 d5 3. exd5 exd5 4. d4 c6 5. Be2 Bd6 6. O-O Qc7 7. c4 Ne7 8. Nc3
Bg4 9. h3 h5 10. cxd5 Nd7 11. dxc6 bxc6 12. Ne4 Nd5 13. Nxd6+ Qxd6 14. Re1
O-O-O 15. Qb3 N7b6 16. hxg4 hxg4 17. Ne5 f5 18. Qc2 Rh5 19. Qxc6+ Qxc6 20. Nxc6
Rdh8 21. f4 Rh1+ 22. Kf2 g3+ 23. Kxg3 Rxe1 24. Kf2 Rhh1 25. Nxa7+ Kb7 26. Nb5
Nxf4 27. Bf3+ Nfd5 28. Nd6+ Kc6 29. Nxf5 Rxc1 30. Rxc1+ Rxc1 31. Ne7+ Kd6 32.
Nf5+ Kc7 33. Nxg7 Rc2+ 34. Kg3 Rxb2 35. Kh4 Rxa2 36. g4 Ne7 37. g5 Rd2 38. Ne6+
Kd6 39. Nf8 Rxd4+ 40. Kh5 Rf4 0-1

[Event "Mechanics' Irving Chernev TNM; 30/90, SD"]
[Site "San Francisco"]
[Date "2008.09.09"]
[Round "6.13"]
[White "Russell, Joe"]
[Black "Standen, Julian"]
[Result "1/2-1/2"]
[WhiteElo "1861"]
[BlackElo "1644"]
[PlyCount "54"]
[EventDate "2008.??.??"]

1. d4 d5 2. Nf3 Nf6 3. Bg5 Ne4 4. Bf4 c5 5. e3 Qb6 6. Qc1 e6 7. c3 Bd7 8. Nbd2
Nxd2 9. Qxd2 Bb5 10. Bxb5+ Qxb5 11. Qe2 Qxe2+ 12. Kxe2 Nc6 13. a3 f6 14. h4 Kd7
15. dxc5 Bxc5 16. Rhd1 Rad8 17. c4 Kc8 18. b4 Bb6 19. b5 Na5 20. cxd5 Rxd5 21.
Rac1+ Kd7 22. e4 Rxd1 23. Rxd1+ Kc8 24. Rc1+ Kd7 25. Be3 Bxe3 26. Kxe3 e5 27.
Nd2 Rd8 1/2-1/2

[Event "Mechanics' Irving Chernev TNM; 30/90, SD"]
[Site "San Francisco"]
[Date "2008.09.09"]
[Round "6.15"]
[White "Starr, Albert"]
[Black "Delaney, Will"]
[Result "0-1"]
[WhiteElo "1536"]
[BlackElo "1800"]
[PlyCount "68"]
[EventDate "2008.??.??"]

1. b4 Nf6 2. Bb2 e6 3. b5 d5 4. e3 c5 5. c4 Be7 6. Nf3 O-O 7. Be2 a6 8. a4 axb5
9. axb5 Rxa1 10. Bxa1 Nbd7 11. d3 Qc7 12. O-O b6 13. Nbd2 e5 14. cxd5 Nxd5 15.
Nc4 f6 16. Qb3 Kh8 17. d4 cxd4 18. exd4 e4 19. Nfd2 f5 20. Ne5 Nxe5 21. Qxd5
Ng6 22. Qc6 Qb8 23. d5 Nf4 24. Bd1 Rd8 25. Nc4 Bd7 26. Be5 Bxc6 27. Bxb8 Bxb5
28. Bxf4 Bxc4 29. Re1 Rxd5 30. g3 Bb4 31. Bb3 Bxb3 32. Rb1 Rd1+ 33. Rxd1 Bxd1
34. Kf1 Bc3 0-1

[Event "Mechanics' Irving Chernev TNM; 30/90, SD"]
[Site "San Francisco"]
[Date "2008.09.09"]
[Round "6.16"]
[White "Chernobilskiy, Mikhail"]
[Black "Somerville, Kenneth"]
[Result "1-0"]
[WhiteElo "1790"]
[BlackElo "1608"]
[PlyCount "60"]
[EventDate "2008.??.??"]

1. e4 e6 2. d4 d5 3. Nd2 Nf6 4. e5 Nfd7 5. Bd3 c5 6. c3 Nc6 7. Ne2 cxd4 8. cxd4
Bb4 9. O-O O-O 10. Nf3 Be7 11. Re1 f6 12. Nf4 Nb6 13. h4 fxe5 14. Nxe5 Bxh4 15.
Qh5 h6 16. Qg6 Nxe5 17. Qh7+ Kf7 18. dxe5 Ke8 19. Bg6+ Kd7 20. Qxg7+ Qe7 21.
Qxe7+ Kxe7 22. Bd3 Kd8 23. g3 Bg5 24. Be3 Bd7 25. Rac1 Bxf4 26. Bxf4 d4 27. Be4
d3 28. Bxd3 Bc6 29. Be4 Nd5 30. Bxh6 Rh8 1-0

[Event "Mechanics' Irving Chernev TNM; 30/90, SD"]
[Site "San Francisco"]
[Date "2008.09.09"]
[Round "6.17"]
[White "Macintyre, Brendan"]
[Black "Dupree, Chuck"]
[Result "1/2-1/2"]
[WhiteElo "1606"]
[BlackElo "1630"]
[PlyCount "106"]
[EventDate "2008.??.??"]

1. d4 Nf6 2. c4 e6 3. Nc3 Bb4 4. e3 b6 5. Nf3 O-O 6. Bd3 Bb7 7. O-O Bxc3 8.
bxc3 Ne4 9. Qc2 f5 10. Rb1 d6 11. Ne1 Nd7 12. f3 Nef6 13. Ba3 Qe7 14. Qe2 Rad8
15. Nc2 Kh8 16. e4 fxe4 17. fxe4 e5 18. d5 Rf7 19. Ne3 Rdf8 20. Nf5 Qd8 21. h3
g6 22. Nh6 Rg7 23. Qe3 Nh5 24. Rxf8+ Qxf8 25. Rf1 Qe7 26. g3 Nhf6 27. Qf3 Ng8
28. Nf7+ Rxf7 29. Qxf7 Qxf7 30. Rxf7 Ngf6 31. Bc2 Kg8 32. Re7 Kf8 33. Re6 Kf7
34. Bxd6 cxd6 35. Rxd6 Nc5 36. Rd8 Ke7 37. Rb8 Ne8 38. Ba4 Nd6 39. Bc6 Nd7 40.
Rg8 Bxc6 41. dxc6 Nf6 42. Rg7+ Kd8 43. Rxa7 Nfxe4 44. Rxh7 Nxc4 45. Kg2 Ne3+
46. Kg1 Nxg3 47. Rb7 Nc4 48. Rg7 Ne2+ 49. Kf2 Nf4 50. h4 e4 51. Rf7 e3+ 52. Ke1
Nd3+ 53. Ke2 Nde5 1/2-1/2

[Event "Mechanics' Irving Chernev TNM; 30/90, SD"]
[Site "San Francisco"]
[Date "2008.09.09"]
[Round "6.20"]
[White "Smith, Andrew"]
[Black "Cole, Tony"]
[Result "1-0"]
[WhiteElo "1427"]
[BlackElo "1292"]
[PlyCount "91"]
[EventDate "2008.??.??"]

1. d4 d5 2. c4 Nf6 3. Nc3 Bf5 4. Nf3 e6 5. Bg5 Nc6 6. a3 h6 7. Bh4 Be7 8. e3
O-O 9. Be2 Nd7 10. Bg3 Be4 11. Nxe4 dxe4 12. Nd2 f5 13. O-O Bd6 14. Bxd6 cxd6
15. f3 d5 16. cxd5 exd5 17. Qb3 Nb6 18. fxe4 Na5 19. Qc3 Nc6 20. e5 Rc8 21. Qd3
Qg5 22. Rac1 f4 23. Nf3 Qh5 24. e4 g5 25. exd5 Nxd5 26. Qb3 Nce7 27. Bc4 Qf7
28. Qxb7 Rxc4 29. Rxc4 g4 30. Nd2 f3 31. gxf3 Qf4 32. Rf2 gxf3 33. Qb3 Qg4+ 34.
Kh1 Qh4 35. Rxf3 Qe1+ 36. Nf1 Qe4 37. Rcc3 Kh8 38. Rcd3 Nf5 39. Qd1 Nh4 40. Nd2
Ne3 41. Nxe4 Rxf3 42. Qxf3 Nxf3 43. Rxe3 Nxd4 44. Nc5 Kg8 45. e6 Kf8 46. Kg2
1-0

[Event "Mechanics' Irving Chernev TNM; 30/90, SD"]
[Site "San Francisco"]
[Date "2008.09.09"]
[Round "6.21"]
[White "Morgan, Jerry"]
[Black "Capdeville, Barry"]
[Result "1-0"]
[WhiteElo "1425"]
[BlackElo "1241"]
[PlyCount "87"]
[EventDate "2008.??.??"]

1. f4 Nf6 2. Nf3 g6 3. d3 Bg7 4. e4 d6 5. c3 e6 6. Qc2 Nc6 7. d4 O-O 8. e5 Nd5
9. Bd3 f5 10. Na3 Bd7 11. Nc4 Be8 12. a4 Nce7 13. O-O b5 14. axb5 Bxb5 15. Bd2
Nb6 16. Ne3 Bc6 17. Be1 d5 18. Bh4 h6 19. b3 Bb7 20. Ra5 c6 21. Rfa1 Nbc8 22.
Nd1 Qc7 23. Nb2 c5 24. Rxc5 Nc6 25. Be2 a5 26. Bb5 Rf7 27. Na4 Bf8 28. Qf2 Bxc5
29. Nxc5 Nd8 30. Bf6 Bc6 31. Bxd8 Qxd8 32. Bxc6 Raa7 33. Ba4 Qe7 34. Qh4 Nb6
35. Qxh6 Nxa4 36. Nxa4 Rg7 37. Qg5 Qe8 38. Nc5 Rh7 39. Qf6 Rae7 40. Rxa5 g5 41.
Nxg5 Qh5 42. Ra8+ Re8 43. Rxe8+ Qxe8 44. Nxh7 1-0

[Event "Mechanics' Irving Chernev TNM; 30/90, SD"]
[Site "San Francisco"]
[Date "2008.09.09"]
[Round "6.23"]
[White "Mar, Henry"]
[Black "Rettenmaier, Robert"]
[Result "0-1"]
[WhiteElo "1500"]
[BlackElo "1057"]
[PlyCount "40"]
[EventDate "2008.??.??"]

1. e4 c5 2. Nf3 g6 3. d4 cxd4 4. Nxd4 Nc6 5. Nxc6 bxc6 6. Qd4 Nf6 7. e5 Nd5 8.
c4 Nb4 9. Na3 Qa5 10. Bd2 Qxa3 11. Bxb4 Qxb4+ 12. Kd1 Bg7 13. Bd3 d6 14. f4 O-O
15. a3 Qb6 16. Qc3 dxe5 17. fxe5 Rd8 18. c5 Qb5 19. Kc2 Rxd3 20. Qxd3 Bf5 0-1

[Event "Mechanics' Irving Chernev TNM; 30/90, SD"]
[Site "San Francisco"]
[Date "2008.09.09"]
[Round "6.24"]
[White "Frank, Robert"]
[Black "Litowsky, Daniel"]
[Result "1/2-1/2"]
[WhiteElo "1245"]
[BlackElo "1719"]
[PlyCount "85"]
[EventDate "2008.??.??"]

1. d4 d5 2. Nf3 Nf6 3. e3 g6 4. Nbd2 Bg7 5. c4 c6 6. cxd5 cxd5 7. Bb5+ Nc6 8.
O-O O-O 9. Bxc6 bxc6 10. Qc2 Ba6 11. Re1 Rc8 12. Nb3 Ne4 13. Nc5 Nxc5 14. Qxc5
Qc7 15. Bd2 Rb8 16. b3 Rb5 17. Qa3 Bc8 18. Bb4 Re8 19. Bc5 Ra5 20. Qb4 Bg4 21.
Qc3 Bxf3 22. gxf3 e5 23. b4 exd4 24. Bxd4 Bxd4 25. Qxd4 Ra6 26. Rec1 Qe7 27. f4
Rb8 28. a3 Qe6 29. Kh1 h5 30. Qe5 Qxe5 31. fxe5 Re8 32. f4 Re6 33. Rc3 Kf8 34.
h4 Ra4 35. Rb1 a6 36. Kg2 f6 37. exf6 Kf7 38. Rbb3 Kxf6 39. Kf3 Kf5 40. Rc5 Kf6
41. Rbc3 Kf5 42. Rb3 Kf6 43. Rbc3 1/2-1/2

[Event "Mechanics' Irving Chernev TNM; 30/90, SD"]
[Site "San Francisco"]
[Date "2008.09.16"]
[Round "7.1"]
[White "Shakhnazarov, Oleg"]
[Black "Pearson, Michael"]
[Result "0-1"]
[WhiteElo "2148"]
[BlackElo "2276"]
[PlyCount "54"]
[EventDate "2008.??.??"]

1. d4 d5 2. Nf3 Nf6 3. Bf4 c6 4. h3 Bf5 5. Nbd2 Qb6 6. b3 e6 7. e3 c5 8. Be2
Nc6 9. O-O (9. c3 cxd4 10. cxd4 {was safer.}) 9... cxd4 10. exd4 Bb4 $1 (10...
Nxd4 11. Nxd4 Qxd4 12. Bb5+ {
offers White compensation for the pawn in the form of Black's displaced King.})
11. c4 Bc3 (11... O-O {was safer.}) 12. cxd5 exd5 (12... Nxd5 {
is strongly met by} 13. Nc4) 13. Rc1 Bb2 (13... Bb4 {
was again safer but Michael is fearless. Now things start to heat up.}) 14. Rc5
a6 15. Bc4 $6 {
Ultimately this seems to fall short so attention should be focused on} (15. Nc4
{which after a long sequence (mostly forced) leads to an ending where White's
Bishops just about compensate for the pawn in the ending:} dxc4 16. Rxf5 cxb3
17. Qb1 Bxd4 18. Nxd4 Nxd4 19. Re5+ Ne6 20. Qxb3 Qxb3 21. axb3 O-O 22. Be3 Rfd8
23. Bf3 Rab8 24. Rc1) 15... Nxd4 16. Re1+ Be6 17. Rc7 ({
Black a pawn up in the ending after} 17. Rxd5 Nxd5 18. Bxd5 O-O 19. Nc4 Nxf3+
20. Qxf3 Bxd5 21. Nxb6 Bxf3 22. Nxa8 Bxg2 23. Kxg2 Rxa8 24. Re7 b5) 17... O-O
18. Bd3 Rac8 19. Qb1 Bc3 20. Rxc3 Rxc3 21. Ng5 $2 {
The final mistake. More chances were offered by} (21. Be5 Nxf3+ 22. Nxf3 Rcc8
23. Bxf6 ({or} 23. Ng5 h6 24. Bxf6 hxg5 25. Qa1 Bf5 26. Bxf5 Qxf6 27. Qxf6 gxf6
28. Bxc8 Rxc8) 23... gxf6 24. Bxh7+ Kg7 25. Bf5) 21... h6 22. Nh7 Nxh7 23.
Bxh7+ Kh8 24. Be5 Rfc8 25. Nf1 Rc1 26. Qd3 Rxe1 27. Bxd4 Qb5 0-1

[Event "Mechanics' Irving Chernev TNM; 30/90, SD"]
[Site "San Francisco"]
[Date "2008.09.16"]
[Round "7.2"]
[White "Argishti, Dante"]
[Black "Manvelyan, Hayk"]
[Result "0-1"]
[WhiteElo "1996"]
[BlackElo "1874"]
[PlyCount "92"]
[EventDate "2008.??.??"]

1. d4 e6 2. c4 f5 3. g3 Nf6 4. Bg2 Be7 5. Nh3 O-O 6. Nc3 d6 7. O-O Qe8 8. e4
fxe4 9. Nxe4 Nxe4 10. Bxe4 e5 11. Ng5 Bxg5 12. Bxg5 Nc6 13. Bd5+ Kh8 14. dxe5
Nxe5 15. f4 Bg4 16. Qd2 Nc6 17. Rae1 Qd7 18. Re3 Rae8 19. Rfe1 Rxe3 20. Qxe3 h6
21. Bh4 Bh3 22. a3 Qf5 23. Be6 Qxe6 24. Qxe6 Bxe6 25. Rxe6 Kg8 26. b4 Nd4 27.
Re7 g5 28. Re4 Nf3+ 29. Kg2 Nxh4+ 30. gxh4 Rxf4 31. Rxf4 gxf4 32. Kf3 Kf7 33.
Kxf4 Kf6 34. Ke4 c6 35. a4 Ke6 36. Kd4 a6 37. Ke4 d5+ 38. Kd4 b6 39. b5 axb5
40. axb5 c5+ 41. Kd3 Ke5 42. cxd5 Kxd5 43. Kc3 c4 44. Kb4 Kd4 45. Ka3 Kc3 46.
h5 Kd2 0-1

[Event "Mechanics' Irving Chernev TNM; 30/90, SD"]
[Site "San Francisco"]
[Date "2008.09.16"]
[Round "7.3"]
[White "Sandberg, Evan"]
[Black "de Guzman, Ricardo"]
[Result "1/2-1/2"]
[WhiteElo "1954"]
[BlackElo "2438"]
[PlyCount "57"]
[EventDate "2008.??.??"]

1. e4 c5 2. Nf3 d6 3. d4 cxd4 4. Nxd4 Nf6 5. Nc3 a6 6. Bg5 e6 7. f4 Nbd7 8. Qf3
Qc7 9. O-O-O b5 10. Bd3 Bb7 11. Rhe1 Qb6 12. Bxf6 gxf6 13. Qe3 O-O-O 14. Nf3 h5
15. Qxb6 Nxb6 16. Ne2 Rg8 17. g3 Bh6 18. Kb1 Kb8 19. Ned4 Na4 20. Nb3 Nc5 21.
Nxc5 dxc5 22. c3 f5 23. Ne5 fxe4 24. Nxf7 Rxd3 25. Nxh6 Rgd8 26. Kc2 Rf8 27.
Rxd3 exd3+ 28. Kxd3 Rf6 29. Ng8 1/2-1/2

[Event "Mechanics' Irving Chernev TNM; 30/90, SD"]
[Site "San Francisco"]
[Date "2008.09.16"]
[Round "7.4"]
[White "Goins, Demetrius"]
[Black "Thornally, Frank"]
[Result "1/2-1/2"]
[WhiteElo "1996"]
[BlackElo "2224"]
[PlyCount "37"]
[EventDate "2008.??.??"]

1. d4 Nf6 2. c4 c5 3. e3 g6 4. Nc3 Bg7 5. Nf3 O-O 6. Be2 d6 7. b3 Nc6 8. Qd2 d5
9. Bb2 Ne4 10. Nxe4 dxe4 11. Ne5 Nxe5 12. dxe5 Qc7 13. Qc3 b6 14. O-O Bb7 15.
Rfd1 Rad8 16. Rxd8 Rxd8 17. Rd1 Rxd1+ 18. Bxd1 Qd7 19. Be2 1/2-1/2

[Event "Mechanics' Irving Chernev TNM; 30/90, SD"]
[Site "San Francisco"]
[Date "2008.09.16"]
[Round "7.5"]
[White "Gaffagan, Steven"]
[Black "Sainz, Guadalupe"]
[Result "1-0"]
[WhiteElo "2022"]
[BlackElo "1835"]
[PlyCount "61"]
[EventDate "2008.??.??"]

1. e4 c5 2. Nc3 Nc6 3. Nge2 d6 4. d4 cxd4 5. Nxd4 Nf6 6. Bg5 e6 7. Qd2 a6 8.
O-O-O Qa5 9. Nb3 Qc7 10. f4 Be7 11. Bd3 b5 12. Kb1 Bb7 13. Rhe1 Rd8 14. g4 Nxg4
15. Bxe7 Nxe7 16. Qg2 b4 17. Nd5 exd5 18. Qxg4 dxe4 19. Bxe4 Bxe4 20. Rxe4 O-O
21. Rg1 g6 22. f5 d5 23. Rf4 Rc8 24. f6 Qxc2+ 25. Ka1 Nc6 26. Qg5 Qxh2 27. Rh4
Qf2 28. Rxh7 Qxg1+ 29. Qxg1 Rfe8 30. Rg7+ Kf8 31. Qh1 1-0

[Event "Mechanics' Irving Chernev TNM; 30/90, SD"]
[Site "San Francisco"]
[Date "2008.09.16"]
[Round "7.6"]
[White "Krasnov, Steven"]
[Black "Traub, Igor"]
[Result "0-1"]
[WhiteElo "1950"]
[BlackElo "2005"]
[PlyCount "84"]
[EventDate "2008.??.??"]

1. d4 d5 2. Nc3 Bf5 3. Nf3 e6 4. Bg5 f6 5. Bh4 Bd6 6. Bg3 Ne7 7. e3 O-O 8. Bd3
Bg4 9. h3 Bh5 10. Bxd6 Qxd6 11. g4 Be8 12. Qd2 e5 13. e4 Qb4 14. dxe5 fxe5 15.
Nxe5 d4 16. Bc4+ Kh8 17. Qxd4 Nbc6 18. Nd3 Nxd4 19. Nxb4 c5 20. Nd3 Nxc2+ 21.
Kd2 Nxa1 22. Rxa1 Rf3 23. Rh1 Rd8 24. Ke2 Rf6 25. e5 Rh6 26. f4 Bc6 27. Rh2 Rd4
28. Bf7 c4 29. Nf2 Rxf4 30. e6 g5 31. Ke3 Nd5+ 32. Kd2 Nxc3 33. Kxc3 Kg7 34.
Kd2 b5 35. Ke3 b4 36. h4 Rf3+ 37. Kd4 Rxh4 38. Rxh4 gxh4 39. Nd1 Rd3+ 40. Kc5
Rxd1 41. Kxc6 c3 42. bxc3 bxc3 0-1

[Event "Mechanics' Irving Chernev TNM; 30/90, SD"]
[Site "San Francisco"]
[Date "2008.09.16"]
[Round "7.7"]
[White "Persidsky, Andre"]
[Black "Snyder, Larry"]
[Result "0-1"]
[WhiteElo "1818"]
[BlackElo "2037"]
[PlyCount "46"]
[EventDate "2008.??.??"]

1. d4 Nf6 2. c4 g6 3. Nc3 d5 4. e3 Bg7 5. Nf3 O-O 6. Be2 c5 7. O-O cxd4 8. exd4
Nc6 9. c5 b6 10. cxb6 Qxb6 11. h3 Bf5 12. g4 Be4 13. Na4 Qb4 14. a3 Qd6 15. Nh2
h6 16. f3 Qg3+ 17. Kh1 Qxh3 18. fxe4 Nxe4 19. Bf4 g5 20. Rc1 Nxd4 21. Bc7 e5
22. Kg1 Qe3+ 23. Kg2 Nxe2 0-1

[Event "Mechanics' Irving Chernev TNM; 30/90, SD"]
[Site "San Francisco"]
[Date "2008.09.16"]
[Round "7.8"]
[White "Grey, Peter"]
[Black "Periwal, Prashant"]
[Result "1-0"]
[WhiteElo "2000"]
[BlackElo "1830"]
[PlyCount "105"]
[EventDate "2008.??.??"]

1. Nf3 c5 2. c4 Nf6 3. Nc3 d5 4. cxd5 Nxd5 5. d4 cxd4 6. Qxd4 e6 7. e4 Nc6 8.
Bb5 Ndb4 9. Qxd8+ Kxd8 10. Bg5+ f6 11. O-O-O+ Kc7 12. Be3 b6 13. a3 Na6 14. Bc4
Nc5 15. b4 Nb7 16. Nb5+ Kb8 17. Nfd4 Nxd4 18. Nxd4 e5 19. Ne6 Nd6 20. Bd5 Bxe6
21. Bxe6 Kc7 22. Kb2 Rd8 23. Rc1+ Kb8 24. Rhd1 Be7 25. Bd5 Rc8 26. f3 Rxc1 27.
Rxc1 Rc8 28. Rxc8+ Kxc8 29. Kb3 Kc7 30. a4 Nb7 31. Bxb7 Kxb7 32. Kc4 Kc6 33.
b5+ Kd6 34. a5 Bd8 35. a6 g5 36. g3 h5 37. f4 Ke6 38. f5+ Kd6 39. Bd2 g4 40.
Bb4+ Kd7 41. Kd5 Bc7 42. Bf8 Bb8 43. Bg7 Bd6 44. Bxf6 Bc5 45. Bxe5 Bg1 46. Bf6
Bxh2 47. Bh4 Bg1 48. e5 Bc5 49. e6+ Ke8 50. f6 Bf2 51. Kc6 Bd4 52. Kb7 Kd8 53.
e7+ 1-0